I due gemelli

Na minha lista:
Detalhes bibliográficos
Autor principal: Pressburger Giorgio
Formato: Livro
Idioma:idioma desconhecido
Publicado em: Milano Rizzoli 1996
Tags: Adicionar Tag
Sem tags, seja o primeiro a adicionar uma tag!

MARC

LEADER 00000nam a2200000Ia 4500
001 75
003 NUMERAZIONE-ORIGINALE-BRESCIA
005 20260206230747.0
008 260206s9999 xx 000 0 und d
100 |a Pressburger Giorgio 
245 0 |a I due gemelli 
260 |a Milano 
260 |b Rizzoli 
260 |c 1996 
500 |a La Scala 
942 |2 ddc  |c BK  |n 0 
952 |0 0  |1 0  |2 ddc  |4 0  |6 23  |7 0  |9 28261  |a BS  |b BS  |d 2026-02-06  |i 75  |l 0  |o 2-3-*  |r 2026-02-06 22:40:31  |w 2026-02-06  |x [REVISIONARE]  |y BK 
999 |c 23957  |d 23957